| 000 | 00654nam a2200193Ia 4500 | ||
|---|---|---|---|
| 003 | GCL | ||
| 008 | 140319s9999 xx 000 0 ara d | ||
| 040 |
_aGCL / _cGCL |
||
| 082 | 0 | 4 |
_a616.89 _bو ل |
| 100 | 1 | _aولسون ، كولن | |
| 245 | 1 | 0 |
_aاللامنتمى : دراسة تحليلية لامراض البشر النفسية فى القرن العشرين / _cولسون ، كولن |
| 700 | 1 | _aانيس زكى حسن | |
| 250 | _aالرابعة | ||
| 260 |
_aبيروت : _bدار الاداب ، _c1989 |
||
| 300 |
_a338 ص ؛ _c22 سم |
||
| 650 | 0 | 4 | _aالطب النفسى |
| 650 | 0 | 4 | _aالامراض النفسية |
| 942 |
_2ddc _cBK |
||
| 999 |
_c2875 _d2875 |
||